[Event "Mont de Marsan op 6th"]
[Site "Mont de Marsan"]
[Date "2006.12.28"]
[Round "5"]
[White "Segas, Yannick"]
[Black "Latapie, Vincent"]
[Result "0-1"]
[WhiteElo "1199"]
[BlackElo "1499"]
[PlyCount "49"]
[EventDate "2006.12.26"]
[EventType "swiss"]
[EventRounds "9"]
[EventCountry "FRA"]
[SourceTitle "CBM 116 Extra"]
[Source "ChessBase"]
[SourceDate "2007.03.07"]
[SourceVersion "1"]
[SourceVersionDate "2007.03.07"]
[SourceQuality "1"]

1. e4 d5 2. Nc3 dxe4 3. Nxe4 Nc6 4. Bb5 e5 5. Nf3 Bf5 6. Bd3 Be7 7. 0-0 Nh6 8. b3 0-0 9. Bb2 Bg4 10. Qc1 Bxf3 11. gxf3 Nd4 12. Kg2 Kh8 13. Ba3 f5 14. Nc5 Bxc5 15. Bxc5 Rf6 16. Qa3 Qb8 17. Qa4 e4 18. Qd7 Rg6+ 19. Kh1 Nxf3 20. Be2 Qd8 21. Qe7 Nxd2 22. Rad1 Qxe7 23. Bxe7 Nf3 24. Bd8 Nf7 25. Bxc7 0-1